LEADER 01027nam a2200217 u 4500 001 000000062902 003 CaOOAMICUS 005 20070226121202.0 008 011015s1957 ie u000 u eng u 035 $a10906340 040 $aPUL(R)$bita 100 1 $aVeuillot, Pierre.$0(OLS)http://pul/name/7727 245 14$aThe Catholic priesthood :$baccording to the teaching of the church ; papal documents from Pius X to Pius XII /$cpreface by Monsignor Montini ; translated by John A O'Flynn ; in collaboration with P. Birch ... [et al.]. 260 $aDublin :$bM.H. Gill and Son LTD.,$c1957. 300 $axxxix, 374 p. ;$c22 cm 850 $aPUL 852 $aPUL$W1$xDP2 Religione 1$y63$m68 E 1$j81692$nBK-PRI$qStampati$B81692$CPULBib$Z2$F81692 $82 941 1 $a8 961 $aINV: 29797 996 $6245$aThe Catholic priesthood :$baccording to the teaching of the church ; papal documents from Pius X to Pius XII$9(OLS)http://pul/title/83903 996 $6260$aDublin :$bM.H. Gill and Son LTD.$9(OLS)http://pul/publisher/70490 LEADER 01054nam a2200277 u 4500 001 000000082234 003 CaOOAMICUS 005 20070226123836.0 008 050411s1943 it u000 u ita u 035 $a11038392 040 $aDAI(R)$bita 100 0 $aPlato,$d427-347 a.C.$0(OLS)http://pul/name/250 240 10$aPhaedo$9(Plato, 427-347 a.C.).$lItaliano.$0(OLS)http://pul/title/106295 245 10$aFedone /$ca cura di Manara Valgimigli. 250 $a10 ed. 260 $aBari :$bLaterza,$c1943. 300 $a192 p. ;$c18 cm 490 1 $aPiccola biblioteca filosofica Laterza 700 1 $aValgimigli, Manara,$d1876-1965.$0(OLS)http://pul/name/15084 830 0$aPiccola biblioteca filosofica Laterza.$0(OLS)http://pul/title/5082 850 $aPUL 852 $aPUL$W1$xDP1 Fondo Cecchetti$y53$m260 L 64$j194699$nBK-PRI$b $qFondi$B104814$CPULBib$Z2$F104814 $81 900 $aPlatone,$d427-347 a.C.$9250 941 1 $a1 996 $6245$aFedone$9(OLS)http://pul/title/64795 996 $6260$aBari :$bLaterza$9(OLS)http://pul/publisher/47895